| 000 | 01495nam a2200373Ii 4500 | ||
|---|---|---|---|
| 001 | DIGDEU0239 | ||
| 003 | NyNyDIG | ||
| 006 | m o d | ||
| 007 | cr ||||||||||| | ||
| 008 | 241203s2022 sp ob 000 0 spa d | ||
| 035 | _a(OCoLC)1482221797 | ||
| 040 |
_aDGITA _beng _erda _epn _cDGITA |
||
| 020 | _z9788413251554 | ||
| 050 | 1 | 4 | _aHQ1236 ebook |
| 245 | 0 | 0 |
_aGuía para la incorporación de la perspectiva de género en la docencia y la investigación / _cUniversidad de Deusto. |
| 264 | 1 |
_aBilbao : _bPublicaciones de la Universidad de Deusto, _c[2022] |
|
| 300 | _a1 online resource. | ||
| 336 |
_atext _btxt _2rdacontent |
||
| 337 |
_acomputer _bc _2rdamedia |
||
| 338 |
_aonline resource _bcr _2rdacarrier |
||
| 347 |
_atext file _2rdaft |
||
| 347 | _bPDF | ||
| 504 | _aIncludes bibliographical references. | ||
| 588 | 0 | _aOnline resource; title from PDF title page (Digitalia, viewed December 3, 2024) | |
| 650 | 0 | _aWomen in education. | |
| 650 | 0 | _aWomen's rights. | |
| 710 | 2 |
_aUniversidad de Deusto, _eauthor. |
|
| 791 | 2 |
_aDigitalia (Firm), _edistributor. |
|
| 793 | 0 |
_gDigitalia eBook Collection: _aUniversidad de Deusto |
|
| 776 | 0 | 8 |
_iPrint version: _tGuía para la incorporación de la perspectiva de género en la docencia y la investigación. _dBilbao : Publicaciones de la Universidad de Deusto, 2022 _z9788413251554 |
| 856 | 4 | 0 |
_3Digitalia Hispánica _uhttps://www.digitaliapublishing.com/a/163582/ |
| 910 | _aPremium collection: 2024 | ||
| 942 | _cRAA | ||
| 999 |
_c289898 _d289898 |
||